| 000 | 00964cam a22002774a 4500 | ||
|---|---|---|---|
| 001 | 11880881 | ||
| 005 | 20180201051911.0 | ||
| 008 | 000104s2001 maua b 001 0 eng c | ||
| 010 | _a 00020039 | ||
| 020 | _a0072908017 (acidfree paper) | ||
| 035 | _a(DNLM)100911661 | ||
| 040 |
_aDNLM/DLC _cDLC _dDLC |
||
| 041 | _aeng | ||
| 042 | _apcc | ||
| 060 | 1 | 0 |
_aQT 104 _bV228h 2001 |
| 080 | _a612 ART | ||
| 082 | 0 | 0 |
_a612 ART _221 |
| 100 | 1 | _a6 | |
| 101 | _aANA | ||
| 245 | 1 | 0 |
_aHuman physiology : _cArthur Vander, James Sherman, Dorothy Luciano. |
| 504 | _aIncludes bibliographical references (p. 780) and index. | ||
| 906 |
_a7 _bcbc _corignew _d1 _eocip _f20 _gy-gencatlg |
||
| 942 |
_2ddc _cBK |
||
| 999 |
_c41508 _d41508 |
||